000 00852nam a2200265Ia 4500
003 OSt
005 20221005045251.0
006 a|||||r|||| 00| 0
007 ta
008 221004b |||||||| |||| 00| 0 san d
020 _a9789380864174 (hbk)
_c325
024 _a22512
037 _b278, 10/03/2015, Eastern Book Linkers
_cTextual
040 _aCRL
_cCRL
_bsan
041 _2san
_asan
082 _aQ22:4173x1, 15Q3
100 _aRana Dilip Kumar Ed.
245 0 _aVivarnadivisnusahasranamavali savyakhya
260 _aKerala
_bChinmayaInternational Foundation Shodha Sansthan India
_c2013
300 _a154p.
_ccm.
490 _aChinmaya ramarayakavi; Series 2
650 _aRELIGION
942 _hQ22:4173x1, 15Q3
_cTEXL
_2cc
999 _c954719
_d954719